| 000 | 00724cab a2200229 4500 | ||
|---|---|---|---|
| 001 | WB3143-24 | ||
| 008 | 090401t1995 xxu||||| |||| 00| 0 eng d | ||
| 035 | _a(Sirsi) u28700 | ||
| 041 | _aeng | ||
| 245 | _aFirst contaminated land profiles | ||
| 260 | _c1995 | ||
| 350 | _a0 | ||
| 490 |
_aENDS Report _v(249) October 1995, 34-35(1) |
||
| 520 | _aThe DoE has published their first five industry profiles explaining what types of soil contamination is caused by different sectors of industry. | ||
| 650 | _aCONTAMINATED LAND | ||
| 650 | _aENVIRONMENT ACT 1995 | ||
| 650 | _aINDUSTRY PROFILES | ||
| 650 | _aSOIL CONTAMINATION | ||
| 690 | _aENVIRONMENTAL AND LAND CONSULTANCY | ||
| 942 | _n0 | ||
| 948 | _c04/03/1997 | ||
| 999 |
_c19297 _d19297 |
||